[Event "Olympiad-36"]
[Site "Mallorca"]
[Date "2004.10.22"]
[Round "7"]
[White "Kozul, Zdenko"]
[Black "Charbonneau, Pascal"]
[Result "1/2-1/2"]
[WhiteElo "2640"]
[BlackElo "2490"]
[Annotator "Huzman,A"]
[PlyCount "144"]
[EventDate "2004.10.15"]
[EventType "team-swiss"]
[EventRounds "14"]
[EventCountry "ESP"]
[SourceTitle "CBM 104"]
[Source "ChessBase"]
[SourceDate "2005.01.27"]
[SourceVersion "1"]
[SourceVersionDate "2005.01.27"]
[SourceQuality "1"]
[WhiteTeam "Croatia"]
[BlackTeam "Canada"]
[WhiteTeamCountry "CRO"]
[BlackTeamCountry "CAN"]

1. d4 d5 2. c4 dxc4 (2... c6 3. Nf3 Nf6 4. e3 e6 5. Bd3 dxc4 6. Bxc4 c5 7. O-O
a6 8. a3 b5 9. Ba2 Bb7 10. Nc3 Nbd7 11. Re1 Bd6 12. e4 cxd4 13. Nxd4 Qb8 14. h3
O-O 15. Qc2 Rd8 16. Bg5 h6 17. Be3 Nc5 $15 {1-0 Ekstroem,R-Godena,M/SUI 2001/
EXT 2002 (40)}) 3. Nf3 Nf6 4. e3 e6 5. Bxc4 c5 6. O-O a6 7. a3 b5 8. Ba2 Bb7 9.
Nc3 Nbd7 10. Re1 Be7 (10... Qc7 11. e4 cxd4 12. Nxd4 Bd6 13. g3 Bc5 14. Be3 Rd8
15. Rc1 Qd6 16. Nb3 Qxd1 17. Rcxd1 Bxe3 18. Rxe3 Ke7 $11 {0-1 Ristic,N-Drasko,
M/Nis 1996/EXT 99 (45)}) (10... Qb8 11. e4 (11. d5 c4 12. e4 Bc5 $6 (12... Bd6
13. b3 $1) 13. b4 $1 Bd6 14. Bg5 Ne5 15. g3 O-O 16. Bxf6 gxf6 17. Nxe5 Bxe5 18.
Rc1 Bxc3 19. Rxc3 Qe5 20. Rf3 a5 $6 (20... Rad8 $1 $13) 21. bxa5 Rxa5 22. Bb1
c3 23. dxe6 fxe6 24. Qd7 $36 {1-0 Ibragimov,I-Kogan,A/Koszalin 1999/CBM 73/
[Alterman,B] (44)}) 11... cxd4 12. Nd5 Bd6 13. Nxf6+ gxf6 (13... Nxf6 14. e5
Bxf3 15. Qxf3 Bxe5 16. Rxe5 Qxe5 17. Qxa8+ $18 {1-0 Halkias,S-Vlahakis,N/
Chania 1997/EXT 98 (24)}) 14. Qxd4 Ne5 (14... Bc5 15. Qc3 Qa7 16. Be3 Rc8 17.
Qd2 Bxe4 18. Bxc5 Nxc5 19. Qd4 Bxf3 20. Qxf6 Rg8 21. Qxf3 $16 {1-0 Kozul,
Z-Sulava,N/Pula 1996/EXT 98 (26)}) 15. Rd1 Nxf3+ 16. gxf3 Bxh2+ 17. Kh1 Qc7 18.
Qxf6 Be5 19. Qg5 $13 {1-0 Kozul,Z-Ibragimov,I/Ljubljana 1996/CBM 53 ext (39)})
(10... Rc8 11. e4 cxd4 12. Nd5 Bc5 13. b4 Ba7 14. Bg5 h6 15. Bh4 g5 16. Bg3
exd5 17. exd5+ Kf8 18. Nxd4 $44 {1-0 Zaja,I-Bogut,Z/Pula 1997/EXT 2000 (44)}) (
10... Ne4 11. Nxe4 Bxe4 12. Bd2 Be7 13. Bc3 b4 14. axb4 cxb4 15. Bd2 O-O 16.
Bb1 Bxb1 17. Qxb1 a5 18. b3 Ra7 19. Qe4 Qa8 20. Qxa8 Rfxa8 21. Kf1 f5 $11 {
1-0 Kozul,Z-Kucera,P/Bled 2000/CBM 75 ext (57)}) (10... Bd6 11. d5 exd5 12. e4
d4 13. e5 Nxe5 14. Nxe5 O-O 15. Nb1 Qc7 16. f4 Rae8 $44 {1-0 Kruck,D-Beyer,C/
GER 2001/EXT 2002 (41)}) 11. e4 (11. d5 exd5 12. Nxd5 Nxd5 13. Bxd5 Bxd5 14.
Qxd5 O-O 15. e4 Bf6 16. Rb1 Qc7 17. Qf5 g6 18. Qh3 Ne5 $11 {1-0 Bai Min-Huang
Rui/CHN 1987/EXT 97 (61)}) 11... cxd4 (11... O-O 12. e5 Nd5 13. Nxd5 Bxd5 14.
Bxd5 exd5 15. dxc5 Nxc5 16. Nd4 Qd7 17. Be3 Rac8 18. Qe2 Rfe8 19. Rad1 Bf8 20.
f4 Ne6 21. Nf3 g6 22. Qd3 Red8 23. b4 Rc4 24. Nd2 $14 {1-0 Rausis,I-Lecuyer,C/
FRA 1999/EXT 2000 (71)}) (11... b4 12. axb4 cxb4 13. e5 bxc3 14. exf6 Nxf6 15.
bxc3 (15. Qa4+ $5) 15... O-O 16. Ne5 Nd5 (16... Rc8 17. Qd3 Rc7 $1 18. c4 Nd7
19. Bf4 Nxe5 20. Bxe5 Bd6 21. Qg3 (21. f4 $5) 21... Bxe5 22. Qxe5 Rd7 23. Rad1
Qf6 $11 {Serper,G-Kaidanov,G/USA (ch) 80/(412) 2000/[Kaidanov,G] (23)}) 17. Qd3
(17. Bd2 Bg5 18. Rb1 Rb8 19. f3 Bxd2 20. Qxd2 Qc7 21. Rec1 Rfd8 22. Nd3 Bc6 23.
Nc5 Rxb1 24. Rxb1 a5 {1/2-1/2 Zivanic,M-Stojanovic,D/Subotica 2000/EXT 2001 
(27)}) 17... Bg5 18. Rb1 Ra7 19. c4 Nc7 20. Ba3 Re8 21. Bc5 $18 {1-0 Kozul,
Z-Sermek,D/Bled 1999/CBM 69 ext (25)}) 12. Nxd4 Ne5 $1 13. Bf4 Ng6 14. Bg3 O-O
15. e5 Nd5 16. Bxd5 (16. Ne4 Ndf4 17. Qd2 (17. Rc1 $142) 17... Nh5 $1 18. Rad1
Nxg3 19. Nxg3 Qb6 $15 {0-1 Cebalo,M-Cvitan,O/Pula 1998/CBM 64/[Huzman] (32)}) (
16. Nxd5 Bxd5 17. Bxd5 Qxd5 18. Nf5 Qxd1 19. Nxe7+ Nxe7 20. Rexd1 Nd5 21. Rac1
Rac8 $15 {[%csl Gd5,Rg3]}) 16... Bxd5 17. Qg4 Bb7 (17... Rc8 $5 18. Rad1 Rc4
19. Nxd5 Qxd5 20. b3 Rc3 21. h4 h5 22. Qxh5 Rxg3 $1 23. fxg3 Bc5 $17 {0-1
Cebalo,M-Flear,G/Asti 1998/EXT 2003 (35)}) 18. Rad1 Qb6 (18... Qa5 19. Ne4 $5 (
19. h4 Bxa3 20. Ra1 Qb4 (20... b4 21. Nd1 $16) 21. Rxa3 (21. bxa3 Qxc3 22. h5
Ne7 23. Rec1 Qa5 24. h6 g6) 21... Rad8 22. Rd1 Qxb2 $13) 19... Rfd8 20. Nd6 Bd5
21. h4 $36) 19. h4 $36 Rfd8 20. h5 Nf8 21. Bh4 $1 (21. h6 Ng6 (21... g6 22. Bh4
$16) 22. Ne4 (22. hxg7 $140 h5 $19) 22... Rd5 23. Nd6 Bxd6 24. exd6 gxh6 $13)
21... Bxh4 22. Qxh4 Rd7 (22... Rac8 23. Re3 Rc4 24. Nce2 $1 $40 {[%cal Ge3g3,
Gg3g7]}) 23. Re3 Rad8 24. Nce2 h6 25. Kh2 {The position is balanced. The
possibilities of White to attack on the king's side are compensated by Black's
counterplay on file "d".} Nh7 (25... Bd5 $1 26. Qg4 (26. b3 Nh7 27. Qg4 Ng5 28.
Rg3 Be4 $13) 26... Bc4 27. Rg3 g6 28. hxg6 fxg6 $17) 26. Qg4 Kh8 (26... Ng5 $1
27. Red3 (27. Rg3 Be4 28. Qf4 Qb7 $13) (27. f4 Ne4 $17) 27... Bd5 28. b3 Ne4
$36) (26... Bd5 27. Rg3 f6 $17) 27. Red3 f5 $6 {[%csl Re6]} (27... Bd5 28. b3 (
28. Nf4 Ng5) 28... Ng5 29. Qf4 Ne4 $11) 28. Qg3 Ng5 29. f3 Bd5 30. Nc2 Qb7 (
30... Qc7 $142 31. Ne3 Bc4 32. Rxd7 Rxd7 33. Nf4 Kg8 34. Ng6 $11) 31. Qf4 Bc4
32. Rxd7 Rxd7 33. Rxd7 Qxd7 34. Qd4 $1 $14 Qxd4 $2 {The endgame is very
difficult for Black, becauce his pawns are weak and his pieces are very
passive.} (34... Qc7 35. Nf4 Nf7 36. Ng6+ Kg8 37. Ne3 $14) 35. Nexd4 Nf7 36. f4
$1 Nd8 37. b3 Bd5 38. Nb4 Bb7 39. Nd3 $18 Kg8 40. Nc5 Kf7 (40... Bc8 41. Kg3
Kf7 42. Kf2 g6 43. hxg6+ Kxg6 44. Kg3 Kf7 45. Kh4 $16) 41. Nxb7 Nxb7 42. b4 Nd8
43. Kh3 {[%cal Gg2g4]} g5 44. hxg6+ Kxg6 45. Kh4 h5 46. g3 Kh6 47. Nb3 Nc6 (
47... Nb7 48. Nc5 $18) 48. Nc5 Nd4 49. Nxa6 Nc2 50. Nc5 Nxa3 51. Nxe6 Nc2 52.
Nc7 Nxb4 53. Nxb5 Nd5 54. Nd6 Kg6 55. Nc8 Kh6 (55... Ne3 56. e6 Ng2+ 57. Kh3
Ne3 58. e7 Kf7 59. Kh4 Nf1 60. Kxh5 Nxg3+ 61. Kg5 Ke8 62. Kf6 Nh5+ 63. Kxf5 Kd7
64. Kg6 $18) 56. e6 Nc7 (56... Kg6 57. e7 Kf7 58. Kg5 $1 $18) 57. e7 Ne8 58.
Na7 Kg6 59. Nb5 Kh6 60. Nd4 Kg6 61. Nc6 Nd6 62. Nd4 Ne8 (62... Kh6 63. Nb5 Ne8
64. Na3 $1) 63. Nb5 Kh6 64. Na3 $1 Kg6 65. Nc4 Kf7 (65... Kf6 66. Kxh5 Kxe7 67.
Kg5 $1 Ke6 68. Ne3 Nd6 69. Kg6 $18) 66. Kxh5 $2 {White took the "wrong" pawn
and missed the victory.} (66. Kg5 $1 Kxe7 (66... Ng7 67. Nd6+ Kxe7 68. Nxf5+
$18) (66... h4 67. gxh4 Kxe7 68. h5 $18) 67. Kxf5 Kf7 68. Kg5 Nf6 69. Nd6+ Ke7
(69... Kg7 70. f5 $18) (69... Ke6 70. f5+ Ke7 71. Kg6 $18) 70. f5 Nh7+ 71. Kh6
Nf6 72. Kg6 Nd5 73. Ne4 $18) 66... Nf6+ 67. Kh6 (67. Kh4 Kxe7 $11) (67. Kg5
Ne4+ $11) 67... Ne4 68. Ne3 Nxg3 69. Nd5 Ne4 70. Kh5 Nd6 71. Kg5 Ke6 72. Ne3
Kxe7 (72... Kxe7 73. Nxf5+ Nxf5 74. Kxf5 Kf7 $11) 1/2-1/2

[Event "Olympiad-36"]
[Site "Mallorca"]
[Date "2004.10.20"]
[Round "6"]
[White "Kaidanov, Gregory S"]
[Black "Stevic, Hrvoje"]
[Result "1-0"]
[WhiteElo "2611"]
[BlackElo "2539"]
[Annotator "Huzman,A"]
[PlyCount "71"]
[EventDate "2004.10.15"]
[EventType "team-swiss"]
[EventRounds "14"]
[EventCountry "ESP"]
[SourceTitle "CBM 104"]
[Source "ChessBase"]
[SourceDate "2005.01.27"]
[SourceVersion "1"]
[SourceVersionDate "2005.01.27"]
[SourceQuality "1"]
[WhiteTeam "US of America"]
[BlackTeam "Croatia"]
[WhiteTeamCountry "USA"]
[BlackTeamCountry "CRO"]

1. d4 d5 2. c4 dxc4 3. e3 Nf6 4. Bxc4 e6 5. Nf3 c5 6. O-O a6 7. a4 Nc6 8. Qe2
Qc7 9. b3 Bd6 (9... Be7 10. Bb2 cxd4 11. exd4 O-O 12. Ne5 Rd8 13. Rd1 b6 14.
Na3 Nd5 15. Rac1 Bb7 $15 {0-1 Buchholz,W-Herrmann,L/Jena 1953/EXT 2001 (21)}) (
9... cxd4 10. exd4 Be7 11. Nc3 O-O 12. Bb2 Bd7 13. Rac1 (13. d5 exd5 14. Nxd5
Nxd5 15. Bxd5 Bd6 16. Rac1 $36 {1-0 Schneider,A-Jakobetz,L/HUN 1993/TD (29)})
13... Qf4 14. Rcd1 Rad8 15. h3 Rfe8 16. Rfe1 Bb4 17. Ne5 Bxc3 18. Bxc3 Nd5 19.
Bb2 Nxe5 20. dxe5 Bc6 21. Rd4 Qg5 22. Rg4 Qe7 23. Bc1 $16 {1-0 Ortega,L-Bossi,
A/Rome 1991/EXT 2000 (50)}) (9... Na5 10. Nc3 Be7 11. Bb2 cxd4 12. exd4 Nxc4
13. bxc4 O-O 14. Ne5 Bd7 15. Rfd1 Rfd8 16. d5 $36 {1-0 Lautier,J-Rublevsky,S/
Bastia 2001/EXT 2002 (27)}) 10. dxc5 Bxc5 11. Bb2 O-O 12. Rc1 (12. Nbd2 e5 13.
Rac1 Qe7 14. Ng5 Bg4 15. f3 Bh5 16. Nde4 Ba7 17. Bxa6 $2 Nd5 $17 {0-1
Sultangareev,M-Nachev,S/Ufa 1999/CBM 70 ext (35)}) 12... b6 $6 (12... Qe7 13.
Nbd2 e5 14. Ng5 Bg4 (14... Bb4 15. Nde4 Nxe4 16. Nxe4 Be6 {1/2-1/2 Lilienthal,
A-Barczay,L/Szombathely 1966/EXT 2001 (16)}) 15. f3 Bh5 16. Nge4 Nxe4 17. Nxe4
Bb4 18. Bd5 $14 {1/2-1/2 Kozma,K-Estrada Nieto,J/Hungary 1996/EXT 2000 (37)})
13. Nbd2 Bb7 14. Bxf6 $1 gxf6 15. Ne4 Be7 16. Qb2 $1 Kg7 17. Ng3 $1 {[%cal
Gg3h5] White try to exploit weakened position of Black king but with accurate
play Black can defend their position.} Rg8 (17... Rfd8 18. Nh5+ Kg6 19. Nf4+
Kh6 $11) 18. Nh5+ Kh6 (18... Kg6 19. Nf4+ Kh6 20. Be2 $5 $36 {[%cal Gc1c7,
Gc1c4,Gc4h4]}) 19. Nf4 (19. Nxf6 $5 Rg6 20. Ne4 f5 21. Ng3 (21. Nc3 Ne5 $1 $40)
21... Bf6 22. Nd4 Nxd4 23. exd4 Qc6 $1 (23... Qd6 24. Re1 Qxd4 25. Qxd4 Bxd4
26. Rad1 $16) 24. Qd2+ (24. Bf1 Qd6 25. Rd1 f4 $40) 24... Bg5 25. f4 Bf6 $44)
19... Qb8 {[%cal Yc6e5]} (19... Rac8 $5 20. Bd3 (20. Nxe6 fxe6 21. Bxe6 Qd6 22.
Bxc8 Bxc8 $13) 20... Qb8 21. Be4 $14) 20. Bf1 Ne5 21. Ne1 (21. Nd4 Bd6 22. Qe2
Ng6 23. Qh5+ Kg7 24. Nd3 Bd5 $11) 21... f5 22. Qe2 Ng4 (22... Ng6 $5 23. Qh5+
Kg7 24. Ned3 Qd6 25. Rd1 Rad8 $11) 23. Rd1 Bd6 (23... Nf6 $5 24. Rac1 Bd6 25.
Ned3 e5 (25... Qf8 26. g3 Rd8 27. Bg2 Ne4 28. f3 Nf6 29. e4 $36) 26. Qb2 Qe8
27. Ne2 {[%cal Ge2g3]} Qe6 $13) 24. g3 Nf6 25. Bg2 $14 Be4 $6 (25... Bxf4 26.
exf4 Bxg2 27. Nxg2 Qb7 28. Ne3 $14) 26. f3 Bb7 27. Rac1 (27. Nfd3 $5 {[%cal
Ge3e4]}) 27... a5 $6 (27... e5 28. Nfd3 Qe8 29. e4 $14) 28. Nfd3 $1 Kg6 (28...
Kg7 $142) 29. e4 $1 Nd7 (29... fxe4 30. fxe4 Nd7 31. e5 $18) 30. Nc2 $6 (30.
exf5+ exf5 31. f4 $16) 30... fxe4 $2 {Black open position and attack of White
became irresistible.} (30... f4 $1 31. e5 (31. gxf4 $5 Bxf4 32. Nxf4+ Qxf4 33.
Qe3 Qxe3+ 34. Nxe3 Nc5 35. Nc4 {[%cal Gc4b6,Gc4e5]} Rad8 (35... Nxb3 36. Rb1
Nc5 37. Nxb6 Ra7 38. Rbc1 $16) 36. Rxd8 Rxd8 37. Nxa5 Ba6 38. Nc6 Rd2 $132)
31... Bxe5 (31... Nxe5 32. Nxf4+ Kg7 33. Nh5+ Kh8 34. Nf6 Bc5+ (34... Rd8 35.
f4 $36 {[%cal Ge2h5]}) 35. Kh1 Ba6 36. Qe1 Rg6 37. f4 Nd3 38. Rxd3 Rxf6 (38...
Bxd3 39. Nd7 $1 Qa7 40. Qc3+ $16) 39. Rd7 $1 (39. Qc3 Kg7 (39... Bxd3 40. Qxf6+
Kg8 41. Ne1 Bg6 42. Rd1 Bf8 $13)) 39... Ra7 40. Rxa7 Qxa7 41. Qe5 Qe7 42. Nd4
Bd6 43. Qe4 $36) 32. Nxe5+ Nxe5 33. gxf4 Nc6 34. f5+ Kxf5 (34... exf5 35. Qe3
Ne5 36. Kh1 $40) 35. Qe4+ Kf6 36. Rd7 $44) 31. fxe4 $40 Ne5 (31... Kg7 $142 32.
Nd4 (32. Ne3 $5) 32... Ne5 33. Qh5 $40) 32. Nxe5+ Bxe5 33. Ne3 $1 Kg7 34. Qh5
$18 {[%cal Ge3g4]} Bc8 35. Ng4 f6 36. Qh6+ 1-0

[Event "North Urals Cup (Women) 2nd"]
[Site "Krasnoturinsk"]
[Date "2004.07.26"]
[Round "3"]
[White "Krush, Irina"]
[Black "Matveeva, Svetlana"]
[Result "1/2-1/2"]
[WhiteElo "2459"]
[BlackElo "2482"]
[Annotator "Huzman,A"]
[PlyCount "61"]
[EventDate "2004.07.24"]
[EventType "tourn"]
[EventRounds "9"]
[EventCountry "RUS"]
[EventCategory "9"]
[SourceTitle "CBM 103"]
[Source "ChessBase"]
[SourceDate "2004.11.11"]
[SourceVersion "1"]
[SourceVersionDate "2004.11.11"]
[SourceQuality "1"]

1. d4 d5 2. c4 dxc4 3. Nf3 e6 4. e3 a6 5. Bxc4 Nf6 6. O-O c5 7. Bb3 b5 8. a4 b4
9. Nbd2 Be7 10. e4 cxd4 11. e5 Nfd7 12. Nc4 Nc6 13. Nxd4 Ncxe5 14. Nxe5 (14.
Bf4 Nxc4 15. Nc6 (15. Bxc4 Nb6 16. Bb3 Bf6 (16... Bb7 $5 17. a5 Nd5 18. Ba4+
Kf8 19. Qf3 Bf6 20. Bc6 $44) 17. Nc6 Qxd1 18. Rfxd1 O-O 19. a5 $14 {1/2-1/2
Lautier,J-Rublevsky,S/Poikovsky 2003/CBM 95/[Huzman] (50)}) 15... Qb6 16. Nxe7
Kxe7 17. Bxc4 $44 {1/2-1/2 Chabanon,J-Skripchenko,A/Aix les Bains FRA 2003/(43)
}) (14. Be3 O-O 15. Nxe5 Nxe5 16. f4 Ng6 17. Qf3 Bd7 18. Rad1 Qa5 19. f5 exf5
20. Nxf5 Qxf5 21. Qxf5 Bxf5 22. Rxf5 Bf6 $11 {1/2-1/2 Bologan,V-Rublevsky,S/
Poikovsky RUS 2004/(70)}) 14... Nxe5 15. Be3 Bf6 (15... O-O 16. f4 Ng6 17. Nc6
(17. Qf3 Bd7 18. Rad1 Qe8 19. f5 Nh4 20. Qg3 exf5 21. Rfe1 Ng6 22. Bg5 f4) (17.
f5 exf5 18. Nxf5 Bxf5 19. Rxf5 Bf6 $15) 17... Qe8 (17... Qd7 18. Nxe7+ (18. Rc1
Bf6 19. Qe2 a5 20. Rfd1 Qe8) 18... Nxe7 (18... Qxe7 19. Qc2 Rd8 20. Bb6 Re8 21.
Rae1 $44) 19. Bc5 Rd8 20. Qxd7 Rxd7 21. Rad1 Nd5 22. f5 $44) 18. Rc1 Bb7 19.
Nxe7+ Nxe7 20. Bc5 Rd8 21. Qe1 Qd7 22. Qxb4 Rfe8 $14) 16. Qe2 O-O 17. Rfd1 Qe8
(17... Qe7 18. Rac1 (18. f4 Ng6 19. Nc6 Qc7 20. Rac1 Nxf4 21. Qf2 Ng6) 18...
Bb7 19. f4 Ng6 20. Nc6 Bxc6 21. Rxc6 $44) 18. a5 Bd7 (18... Bb7 $5 19. Ba4 (19.
Ra4 Nc6 20. Nxc6 Qxc6 21. Qg4 Rab8 22. Rxb4 Qxg2+ 23. Qxg2 Bxg2 24. Rxb8 Rxb8
25. Kxg2 Rxb3 26. Rd6) (19. Rac1 Rc8) 19... Qb8 20. Nb3 (20. Rac1 Rc8) 20...
Bd5 21. Nc5 Bc4) 19. Rac1 Ba4 20. Bf4 Ng6 21. Bd6 Be7 22. Bxa4 Qxa4 23. Nc6 $1
Bxd6 24. Rxd6 $44 Nf4 25. Ne7+ (25. Qe5 $5 Nd5 26. f4 $1 b3 27. f5 Qg4 (27...
Qf4 28. Re1 Qxe5 29. Rxe5 $14) 28. Rf1 Rac8 29. h3 $11 Qg5 30. Rxd5 (30. fxe6
Qxe5 31. exf7+ Rxf7 32. Nxe5 Rxf1+ 33. Kxf1 Ne3+ 34. Kf2 Nc4 $11) 30... exd5
31. Ne7+ Kh8 32. Nxc8 Rxc8 33. Qxd5 Qe3+ 34. Kh1 f6 35. Qb7 $14) 25... Kh8 26.
Qc4 Nd5 (26... Qe8 27. Qxf4 Qxe7 28. Qxb4 Rab8 29. Qd4 e5 30. Qd3 Rxb2 31. Rxa6
$14) 27. Nxd5 exd5 28. Qxd5 $14 h6 (28... Kg8 $142 29. h3 b3 $14) 29. h3 b3 30.
Rb6 Rad8 (30... Qa2 31. Rcc6 $1 Kg8 32. Rxh6 Qxb2 (32... gxh6 33. Rxh6 Qxb2 34.
Rg6+ $18) 33. Rh4 Rae8 34. Rxb3 Re1+ 35. Kh2 Qxf2 36. Qh5 Qg1+ 37. Kg3 Re3+ 38.
Rxe3 Qxe3+ 39. Kh2 Qh6 40. Qxh6 gxh6 41. Rxh6 $18) 31. Qxb3 (31. Qxb3 Qxa5 $11)
(31. Qf5 Qa2 (31... Qd4 32. Rxb3 Rd5 33. Qf3 Rxa5 34. Rb7 $36) 32. Rcc6 (32.
Rc3 Qxb2 33. Rcxb3 Qd4 34. Qh5 Kh7 35. Rxa6 Rd5 36. Qf3 Qa1+ 37. Kh2 Rxa5 $11)
32... f6 33. Rc3 Qxb2 34. Rcxb3 Qd4 $11) (31. Qe5 $1 f6 (31... Rfe8 32. Qf5 (
32. Rxh6+ Kg8 33. Qg5 Qd4 34. Rxa6 Qxb2 $132) 32... Kg8 33. Rxa6 Qd4 34. Rc7
Rf8 35. Rc3 $16) 32. Qc3 (32. Qf5 $5 Qa2 33. Rc3 Qxb2 34. Rcxb3 Qd4 $11) 32...
Rc8 33. Qxc8 Rxc8 34. Rxc8+ Kh7 35. Rc1 (35. Rc3 Qa1+ 36. Kh2 Qxb2 37. Rbxb3
Qxf2 38. Rb7 Qd4 39. Rg3 f5 $11) 35... Qa2 36. Rxa6 Qxb2 37. Rf1 Qa2 38. Rb6
$14) 1/2-1/2

[Event "Sanjin Hotel Cup"]
[Site "Taiyuan"]
[Date "2004.07.22"]
[Round "5"]
[White "Dreev, Alexey"]
[Black "Xu, Jun"]
[Result "1-0"]
[WhiteElo "2690"]
[BlackElo "2617"]
[Annotator "Huzman,A"]
[PlyCount "77"]
[EventDate "2004.07.17"]
[EventType "tourn"]
[EventRounds "9"]
[EventCountry "CHN"]
[EventCategory "16"]
[SourceTitle "CBM 102"]
[Source "ChessBase"]
[SourceDate "2004.09.23"]
[SourceVersion "1"]
[SourceVersionDate "2004.09.23"]
[SourceQuality "1"]

1. d4 Nf6 2. Nf3 d5 3. c4 dxc4 4. e3 e6 5. Bxc4 c5 6. O-O a6 7. Bd3 cxd4 8.
exd4 Be7 9. Ne5 O-O 10. Nc3 Nc6 11. Nxc6 bxc6 12. Na4 (12. Be3 Nd5 (12... Bb7
13. Qc2 h6 14. Be2 Nd5 15. Na4 a5 16. Bf3 Ba6 17. Rfd1 Bb5 18. Nc5 a4 19. Rac1
Bd6 20. Qe4 Qe7 21. Re1 a3 22. b3 Rae8 23. Bd2 e5 $132 {0-1 Gershon,A-Van den
Doel,E/Amsterdam 2001/CBM 83 ext (50)}) 13. Rc1 a5 (13... Nxe3 14. fxe3 e5 $11
15. Qh5 $140 f5) 14. Na4 Ba6 15. Bxa6 Rxa6 16. Qe2 Qa8 17. Rc4 Qb7 18. Rfc1 Qb5
19. Nc3 Qb6 20. Na4 Qb5 21. b3 Rd8 22. g3 h6 {1/2-1/2 Astrom,R-Degerman,L/
Borlange 1995/CBM 49 ext (22)}) (12. Bg5 a5 13. Rc1 Ba6 14. Bxa6 Rxa6 15. Qe2
Rb6 16. Be3 Nd5 17. Na4 Rb4 18. b3 Bf6 19. Rfd1 (19. Rxc6 Bxd4 20. a3 Nxe3 21.
fxe3 Rxb3 22. exd4 Qxd4+ 23. Qf2 Qxf2+ (23... Qxa4 $2 24. Qxf7+ $18) 24. Kxf2
Rxa3 25. Nc3 $14) 19... Ne7 20. Nc5 (20. Qd3 $5 $14) 20... Nf5 $11 {1/2-1/2
Gelfand,B-Huebner,R/Wijk ann Zee 1996/Inf 65/[Huebner,R] (25)}) 12... Bb7 (
12... Rb8 13. b3 Qd5 14. Bf4 Rb4 15. Be5 $14 c5 $2 16. Bc4 Qc6 17. Nxc5 $16 {
1-0 Malaniuk,V-Zlochevskij,A/Muenster 1995/EXT 2001 (41)}) 13. Bf4 $1 Qa5 14.
Qc2 h6 (14... Qd5 15. Nc5 (15. Nb6 Qxd4 16. Be3 Qe5 17. Nxa8 Ng4 $132) 15...
Bxc5 16. dxc5 e5 17. Bc4 Qd4 18. Bg3 $16) 15. a3 Nd7 16. Rfd1 (16. b4 Qd5 17.
Nc5 $16) 16... Qd8 17. b4 $16 a5 18. Nc5 Qc8 (18... Nxc5 19. dxc5 Qc8 20. Be5
$16) 19. Bh7+ Kh8 20. Be4 axb4 21. Nxb7 (21. axb4 $142 $5 Rxa1 22. Rxa1 Nxc5
23. dxc5 $16) 21... Qxb7 22. Bxc6 (22. Qxc6 $5 Qa7 $1 (22... Qxc6 23. Bxc6 Rad8
24. a4 Nb8 (24... Nf6 25. a5 $16) (24... Bf6 25. a5 Nb8 26. Bxb8 Rxb8 27. a6
$18) 25. Bb5 Bf6 26. Be5 $16) 23. Qb5 Nf6 24. Bxa8 Rxa8 $44 25. a4 $140 $6 Nd5
26. Bd2 Bf6 $36) 22... Rac8 23. Bxb7 Rxc2 24. a4 b3 $6 (24... g5 $1 25. Rdc1 b3
$1 (25... Rxc1+ 26. Bxc1 Rb8 27. Bc6 Nf6 28. a5 $16) 26. Rxc2 bxc2 27. Be3 Nb6
28. a5 Nc4 $132) 25. a5 b2 26. Rab1 Ba3 (26... g5 $142 27. Bd2 Ba3 28. a6 Nb6
$132) 27. a6 Nb6 28. a7 Rd8 (28... Rc4 29. Rd3 Ra4 30. Bb8 $16) 29. h4 (29. Kf1
$5 Rc4 30. Ke2 Ra4 31. Bb8 Rd7 32. Be4 $14) 29... f6 $2 (29... Rc4 $1 30. Rd3
Ra4 31. Rb3 (31. Bb8 Rd7 32. Bc6 Rdxa7 33. Bxa7 Rxa7 $44) 31... Nd7 32. Bc7 (
32. a8=Q Rdxa8 33. Bxa8 Rxa8 34. Bd2 Nf6 35. Bb4 (35. Bc3 Ne4 36. Bb4 Rb8 37.
Rxa3 Rxb4 38. Ra2 Rxd4 39. Raxb2 $14) 35... Rb8 36. Rxa3 Rxb4 37. Ra2 Rxd4 38.
g3 $14) 32... Re8 33. Bb8 Rxb8 (33... Nxb8 34. a8=Q Rxa8 35. Bxa8 Rc8 36. Be4
Rc1+ 37. Kh2 Bd6+ 38. g3 $18) 34. axb8=Q+ Nxb8 35. Be4 Na6 36. Bc2 $1 Nb4 37.
R3xb2 Nxc2 38. Rxc2 Rxd4 39. h5 $14) 30. Rd3 $1 {/\31.Rb3+-} Rd7 (30... Bd6 31.
Bxd6 Rxd6 32. Kh2 Rd7 33. Rb3 Rxb7 34. a8=Q+ Nxa8 35. Rxb7 $18) (30... g5 31.
Be3 Rc1+ 32. Bxc1 bxc1=Q+ 33. Rxc1 Bxc1 34. Rb3 $18) 31. Rxa3 Rxb7 32. a8=Q+ (
32. Rb3 $1 Rxa7 33. Rxb6 Ra2 34. Be3 (34. Rxe6 g5 $1 $17) 34... Kg8 35. Kf1 $18
{[%cal Gf1d1]}) 32... Nxa8 33. Rxa8+ Kh7 34. g3 $2 (34. h5 $1 Rb4 35. Be3 Rbc4
36. Kh2 $18) (34. Be3 Rb3 35. Kh2 $18) 34... g5 35. hxg5 hxg5 36. Be3 g4 $4 (
36... Rb3 $1 37. Ra2 Rxe3 38. Raxb2 $11) 37. Ra6 Kg6 38. Rxe6 Kf5 39. d5 1-0

[Event "RUS-Cup6"]
[Site "Krasnodar"]
[Date "1997.03.15"]
[Round "5"]
[White "Shcherbakov, Ruslan"]
[Black "Nadyrhanov, Sergey"]
[Result "1/2-1/2"]
[WhiteElo "2580"]
[BlackElo "2480"]
[Annotator "Huzman,A"]
[PlyCount "105"]
[EventDate "1997.03.11"]
[EventType "swiss"]
[EventRounds "9"]
[EventCountry "RUS"]
[SourceTitle "EXT 2000"]
[Source "ChessBase"]
[SourceDate "1999.11.16"]
[SourceVersion "1"]
[SourceVersionDate "1999.11.16"]
[SourceQuality "1"]

1. d4 d5 2. c4 dxc4 3. e3 Nf6 4. Bxc4 e6 5. Nf3 c5 6. O-O a6 7. Bb3 Nbd7 8. e4
$5 Nxe4 9. Re1 Nef6 10. d5 Nb6 11. dxe6 Bxe6 12. Bxe6 Qxd1 13. Bxf7+ Kxf7 14.
Rxd1 $32 Nbd5 15. Nc3 Rd8 (15... Nxc3 16. bxc3 Re8 17. a4 {[%csl Rb7]}) 16.
Ne5+ Kg8 {[%csl Rh8]} 17. Bg5 $16 Rd6 18. Nxd5 Nxd5 (18... Rxd5 19. Rxd5 Nxd5
20. Rd1 $18) 19. Nc4 Rd7 20. Ne5 Rd6 21. Nc4 Rd7 22. Ne3 Nb6 23. Rxd7 Nxd7 24.
Rd1 Ne5 25. Bf4 (25. f4 $5 Nf7 (25... Ng6 26. Rd8 h6 27. f5 $16) 26. Rd7 $16)
25... Ng6 26. Bd6 $6 (26. Bg3 h5 27. Rd7 h4 28. Bb8 $16) 26... h5 27. Rd5 b6
28. a4 {[%cal Ya4a5]} Kf7 29. Bxf8 Nxf8 30. a5 Rh6 $14 31. axb6 Rxb6 32. Nc4
Rb4 33. Rxc5 Ne6 34. Rc6 a5 35. g3 a4 36. Ne5+ Ke7 37. Ng6+ Kf7 38. Ne5+ Ke7
39. Nd3 Rd4 40. Rc3 h4 $132 41. Kf1 Ng5 42. Nf4 hxg3 43. hxg3 Ne4 44. Rd3 $2 (
44. Rc7+ $142 Kd6 45. Rxg7 Rd2 46. Ne2 $14) 44... Rxd3 45. Nxd3 Nd2+ 46. Ke2
Nc4 $1 $11 47. Kf3 Nxb2 48. Nb4 Kd6 49. Nc2 Kd5 50. Ke2 Kc4 51. Kd2 Nd3 52.
Ne3+ Kd4 53. Ng2 1/2-1/2